Dinámicas migratorias y su expresión territorial: una comparación entre Valverde Vega y Santa Rosa de Lima /
Este capítulo compara los estudios de caso anteriores examinando la interrelación entre los mercados laborales y los flujos intrarregionales y extrarregionales, para lo que considera las expresiones territoriales de esta movilidad y, en la medida de lo posible, su relación con los recursos naturales...
Gorde:
| Egile nagusia: | |
|---|---|
| Beste egile batzuk: | , , , |
| Formatua: | Texto |
| Gaiak: | |
| Etiketak: |
Etiketa erantsi
Etiketarik gabe, Izan zaitez lehena erregistro honi etiketa jartzen!
|
MARC
| LEADER | 00000 a a2200000 04500 | ||
|---|---|---|---|
| 001 | 43275 | ||
| 003 | |||
| 040 | |||
| 100 | |a Ortiz, Xenia | ||
| 245 | |a Dinámicas migratorias y su expresión territorial: |b una comparación entre Valverde Vega y Santa Rosa de Lima / |c Xenia Ortiz ; Guillermo Acuña ; Susan Kandel ; Katherine Andrade-Eekhoff ; Nelson Cuéllar | ||
| 520 | |a Este capítulo compara los estudios de caso anteriores examinando la interrelación entre los mercados laborales y los flujos intrarregionales y extrarregionales, para lo que considera las expresiones territoriales de esta movilidad y, en la medida de lo posible, su relación con los recursos naturales. | ||
| 590 | |a RRA/JUNIO2012 | ||
| 650 | |a 8.COSTA RICA | ||
| 650 | |a 7.EL SALVADOR | ||
| 650 | |a 6.AMERICA CENTRAL | ||
| 650 | |a 5.TERRITORIO | ||
| 650 | |a 4.EXCLUSION SOCIAL | ||
| 650 | |a 3.ANALISIS COMPARATIVO | ||
| 650 | |a 2.MIGRACION INTRARREGIONAL | ||
| 650 | |a 1.MIGRACION | ||
| 700 | |a Cuéllar, Nelson |e colaborador | ||
| 700 | |a Andrade-Eekhoff, Katherine |e colaborador | ||
| 700 | |a Kandel, Susan |e colaborador | ||
| 700 | |a Acuña, Guillermo |e colaborador | ||
| 773 | |g páginas 127-132 | ||
| 999 | |c 26101 |d 26101 | ||
